სადაზღვევო მათემატიკა მაგალითებსა და ამოცანებში (ბიბ.ჩანაწერი № 51120)
[ მარტივი ფორმატი ]
| 000 -LEADER | |
|---|---|
| fixed length control field | 01090nam a2200253Ia 4500 |
| 001 - CONTROL NUMBER | |
| control field | 18077 |
| 003 - CONTROL NUMBER IDENTIFIER | |
| control field | GE_BSU |
| 008 - FIXED-LENGTH DATA ELEMENTS--GENERAL INFORMATION | |
| fixed length control field | 181216s||||||||xx |||||||||||||| ||und|| |
| 020 ## - INTERNATIONAL STANDARD BOOK NUMBER | |
| International Standard Book Number | 9789941462177 |
| 040 ## - CATALOGING SOURCE | |
| Transcribing agency | GE_BSU |
| 080 ## - UNIVERSAL DECIMAL CLASSIFICATION NUMBER | |
| Universal Decimal Classification number | 368+51 |
| 100 ## - MAIN ENTRY--PERSONAL NAME | |
| Personal name | ცინცაძე,ასიე. სვანიძე,ნინო |
| 245 ## - TITLE STATEMENT | |
| Title | სადაზღვევო მათემატიკა მაგალითებსა და ამოცანებში |
| 245 ## - TITLE STATEMENT | |
| Statement of responsibility, etc. | რედ. გიორგობიანი გ. |
| 260 ## - PUBLICATION, DISTRIBUTION, ETC. | |
| Place of publication, distribution, etc. | ბათუმი |
| 260 ## - PUBLICATION, DISTRIBUTION, ETC. | |
| Name of publisher, distributor, etc. | ბათუმის შოთა რუსთაველის სახ. უნ-ტი |
| 260 ## - PUBLICATION, DISTRIBUTION, ETC. | |
| Date of publication, distribution, etc. | 2015 |
| 300 ## - PHYSICAL DESCRIPTION | |
| Extent | 238გვ.21სმ. |
| 300 ## - PHYSICAL DESCRIPTION | |
| Accompanying material | ბიბლ.:გვ. 237. დანართი: სტატისტუკური ცხრ. გვ.182-236 |
| 653 ## - INDEX TERM--UNCONTROLLED | |
| Uncontrolled term | დაზღვევა |
| 653 ## - INDEX TERM--UNCONTROLLED | |
| Uncontrolled term | სადაზღვევო მათემატიკა მაგალითებსა და ამოცანებში |
| 942 ## - ADDED ENTRY ELEMENTS (KOHA) | |
| Koha item type | წიგნი |
| Withdrawn status | Lost status | Damaged status | Not for loan | Date acquired | Barcode | Date last seen | Price effective from | Koha item type |
|---|---|---|---|---|---|---|---|---|
| 2018-12-17 | 46069 | 2018-12-17 | 2018-12-17 | წიგნი | ||||
| 2018-12-17 | 46070 | 2018-12-17 | 2018-12-17 | წიგნი | ||||
| 2018-12-17 | 46071 | 2018-12-17 | 2018-12-17 | წიგნი | ||||
| 2018-12-17 | 46072 | 2018-12-17 | 2018-12-17 | წიგნი | ||||
| 2018-12-17 | 46073 | 2018-12-17 | 2018-12-17 | წიგნი | ||||
| 2018-12-17 | 46074 | 2018-12-17 | 2018-12-17 | წიგნი | ||||
| 2018-12-17 | 46075 | 2018-12-17 | 2018-12-17 | წიგნი | ||||
| 2018-12-17 | 46076 | 2018-12-17 | 2018-12-17 | წიგნი | ||||
| 2018-12-17 | 46077 | 2018-12-17 | 2018-12-17 | წიგნი | ||||
| 2018-12-17 | 46078 | 2018-12-17 | 2018-12-17 | წიგნი | ||||
| 2018-12-17 | 46079 | 2018-12-17 | 2018-12-17 | წიგნი | ||||
| 2018-12-17 | 46080 | 2018-12-17 | 2018-12-17 | წიგნი | ||||
| 2018-12-17 | 46081 | 2018-12-17 | 2018-12-17 | წიგნი | ||||
| 2018-12-17 | 46082 | 2018-12-17 | 2018-12-17 | წიგნი | ||||
| 2018-12-17 | 46083 | 2018-12-17 | 2018-12-17 | წიგნი | ||||
| 2018-12-17 | 46084 | 2018-12-17 | 2018-12-17 | წიგნი | ||||
| 2018-12-17 | 46085 | 2018-12-17 | 2018-12-17 | წიგნი | ||||
| 2018-12-17 | 46086 | 2018-12-17 | 2018-12-17 | წიგნი | ||||
| 2018-12-17 | 46087 | 2018-12-17 | 2018-12-17 | წიგნი | ||||
| 2018-12-17 | 46088 | 2018-12-17 | 2018-12-17 | წიგნი | ||||
| 2018-12-17 | 46089 | 2018-12-17 | 2018-12-17 | წიგნი | ||||
| 2018-12-17 | 46090 | 2018-12-17 | 2018-12-17 | წიგნი | ||||
| 2018-12-17 | 46091 | 2018-12-17 | 2018-12-17 | წიგნი | ||||
| 2018-12-17 | 46092 | 2018-12-17 | 2018-12-17 | წიგნი | ||||
| 2018-12-17 | 46093 | 2018-12-17 | 2018-12-17 | წიგნი | ||||
| 2018-12-17 | 46094 | 2018-12-17 | 2018-12-17 | წიგნი | ||||
| 2018-12-17 | 46095 | 2018-12-17 | 2018-12-17 | წიგნი | ||||
| 2018-12-17 | 46096 | 2018-12-17 | 2018-12-17 | წიგნი | ||||
| 2018-12-17 | 46097 | 2018-12-17 | 2018-12-17 | წიგნი | ||||
| 2018-12-17 | 46098 | 2018-12-17 | 2018-12-17 | წიგნი | ||||
| 2018-12-17 | 46099 | 2018-12-17 | 2018-12-17 | წიგნი | ||||
| 2018-12-17 | 46100 | 2018-12-17 | 2018-12-17 | წიგნი | ||||
| 2018-12-17 | 46101 | 2018-12-17 | 2018-12-17 | წიგნი | ||||
| 2018-12-17 | 46102 | 2018-12-17 | 2018-12-17 | წიგნი |
